Etika / (Kayıt no. 15282)

MARC ayrıntıları
000 -BAŞLIK
Sabit Uzunlukta Kontrol Alanı 00769nam a22002537a 4500
999 ## - SİSTEM KONTROL NUMARALARI (KOHA)
Koha Biblionumber 15282
Koha Biblioitemnumber 15282
003 - KONTROL NUMARASI IDENTIFIER
Denetim Alanı MIRAKIL
005 - SON İŞLEM TARİHİ VE ZAMANI
Denetim Alanı 20240206123349.0
008 - SABİT-BOY VERİ ELEMANLARI - GENEL BİLGİLER
Sabit Uzunlukta Kontrol Alanı 240206b tu ||||| |||| 00| 0 tur d
020 ## - ULUSLARARASI STANDART KİTAP NUMARASI
Uluslararası Standart Kitap Numarası 9786258123555
040 ## - KATALOGLAMA KAYNAK
Orijinal Kataloglama Ajansı TR-AnCHP
Metne Dönüştürmek Ajansı TR-AnCHP
041 ## - DİL KODU
Metin / Ses Parça Veya Ayrı Başlığın Dil Kodu Türkçe
082 ## - DEWEY ONLU SINIFLANDIRMA NUMARASI
Sınıflandırma Numarası 199.492
Ürün Numarası S65E 2023
090 ## - SINIFLAMA NUMARASI
Sınıflama Numarası 199.492 S65E 2023
100 ## - ANA GİRİŞ - KİŞİSEL İSİM
Kişisel Ad Spinoza, Benedictuc de
245 10 - BAŞLIK TABLOSU
Başlık Etika /
Sorumluluk Tablosu, Vb Benedictus de Spinoza ; çeviren : Hilmi Ziya Ülken
250 ## - EDITION TABLOSU
Baskı Beyanı 13. bs.
260 ## - YAYIN, DAĞITIM, VB
Yayın, Dağıtım, Vb Yeri Ankara
Yayıncı, Dağıtıcı, Vs Adı Doğu Batı
Yayın, Dağıtım, Vb Tarihi 2023
300 ## - FİZİKSEL TANIM
Kapsam 410 s.
Boyutlar 21 cm.
490 0# - SERİSİ TABLOSU
Seri Beyanı Doğu Batı Yayınları :
Hacim / Ardışık Tanımı 397
490 0# - SERİSİ TABLOSU
Seri Beyanı Felsefe :
Hacim / Ardışık Tanımı 112
650 #0 - KONU KATMA GİRİŞ - TOPİKAL DÖNEM
9 (RLIN) 34
Topikal Süreli Veya Coğrafi Ad Giriş Elemanı Felsefe
Coğrafi Alt Bölümü Hollanda
856 ## - ELEKTRONİK YER VE ERİŞİM
Kamu Notu Dijital Nüshası için Partimizin Kütüphane Sorumlusu ile iletişime geçiniz.
942 ## - EKLENDİ GİRİŞ ELEMANLARI (KOHA)
Sınıflandırma Veya Raf Düzeni Kaynak Dewey Decimal Classification
Koha Öğesi Türü Kitaplar

Kullanılabilir materyal yok.